Statistics for Title in the Lyrics -- Songs That Start With E

Click here to take the quiz!

General Stats

  • This quiz has been taken 957 times
  • The average score is 6 of 15

Answer Stats

LyricsTitle% Correct
It's the ___ __ ___ _____ / It's the thrill of the fight / Rising up to the challenge of our rivalEye of the Tiger
93%
_____ ______ ___ ____ / Every move you make / Every bond you break / Every step you take / I'll be watching youEvery Breath You Take
83%
Well, _________ _____ sometimes / Everybody cries / _________ _____ sometimesEverybody Hurts
59%
Ooh, that's why Im ____ / I'm ____ like Sunday morningEasy
56%
_____ ____ ___ ___ _____ / Just like every night has its dawn / Just like every cowboy sings his sad, sad songEvery Rose Has Its Thorn
51%
If you like making love at midnight in the dunes on the cape / You're the lady I've looked for, come with me and ______Escape
44%
Oh no, we gonna rock down to ________ ______ / And then we'll take it higherElectric Avenue
38%
_____ ______ _____ ___ ____ __ _____ / Everything she do just turns me on / Even though my life before was tragic Now I know my love for her goes onEvery Little Thing She Does is Magic
36%
Hold me, love me, hold me, love me / Ain't got nothing but love babe / _____ ____ _ ____Eight Days a Week
27%
She's an ____ _____ / She'll take your heart but you won't feel it / She's like no other / And I'm just trying to make you seeEasy Lover
21%
All for freedom and for pleasure / Nothing ever lasts forever / _________ _____ __ ____ ___ _____Everybody Wants to Rule the World
17%
I'm a sorry sucker and this happens all the time / I found out that _________ _____ / _________ _____, _________ _____Everybody Talks
12%
_____ ___ __ _ _______ ____ / I get a little bit closer / Every day is a faded signEvery Day is a Winding Road
11%
Let the music take your soul (soul soul) / Let the rhythm move you / _________ _____ ___ / Da da da da da da da da da da da daEverybody Dance Now
7%
Puttin' on the eyes 'til there's nobody else / You never realize what you do to yourself / The things that they see make the daily reviews / You never get free - _________ _____ ___Everybody Wants You
3%

Score Distribution

Percentile by Number Answered

Percent of People with Each Score

Your Score History

You have not taken this quiz